[Event "ROM-ch U12 Girls"]
[Site "Eforie Nord"]
[Date "2022.04.18"]
[Round "9"]
[White "Caraghete, Ana Marina"]
[Black "Aldea, Maria Antonia"]
[Result "1/2-1/2"]
[WhiteElo "1122"]
[BlackElo "1662"]
[PlyCount "71"]
[EventDate "2022.04.11"]
[EventType "swiss"]
[EventRounds "9"]
[EventCountry "ROU"]
[SourceTitle "EXT 2023"]
[Source "ChessBase"]
[SourceDate "2022.10.05"]
[SourceVersion "1"]
[SourceVersionDate "2022.10.05"]
[SourceQuality "1"]

1. d4 Nf6 2. c4 e6 3. Nf3 Bb4+ 4. Nbd2 Nc6 5. a3 Bxd2+ 6. Qxd2 d6 7. e3 0-0 8. Bd3 e5 9. d5 Nb8 10. Qc2 a5 11. h3 a4 12. Nd2 Nbd7 13. e4 Nh5 14. g3 Nc5 15. Be2 Nf6 16. Bf3 Bd7 17. Nb1 Nb3 18. Ra2 Nd4 19. Qd3 b5 20. Bg2 bxc4 21. Qxc4 Bb5 22. Qc3 c6 23. Be3 cxd5 24. Bxd4 exd4 25. Qxd4 dxe4 26. Nc3 Bc6 27. 0-0 d5 28. Rd1 Re8 29. Raa1 Qe7 30. Re1 Qb7 31. Rab1 Qb3 32. Re2 Bb5 33. Rd2 Bd3 34. Rbd1 Bc4 35. Bf1 Bxf1 36. Kxf1 1/2-1/2

[Event "ROM-ch U12 Girls"]
[Site "Eforie Nord"]
[Date "2022.04.12"]
[Round "2"]
[White "Sida, Flavia Maria"]
[Black "Caraghete, Ana Marina"]
[Result "1-0"]
[WhiteElo "1347"]
[BlackElo "1122"]
[PlyCount "101"]
[EventDate "2022.04.11"]
[EventType "swiss"]
[EventRounds "9"]
[EventCountry "ROU"]
[SourceTitle "EXT 2023"]
[Source "ChessBase"]
[SourceDate "2022.10.05"]
[SourceVersion "1"]
[SourceVersionDate "2022.10.05"]
[SourceQuality "1"]

1. d4 d5 2. c4 e6 3. Nf3 Nf6 4. Bg5 Bb4+ 5. Nc3 h6 6. Bh4 g5 7. Bg3 Ne4 8. Rc1 b6 9. Qa4+ Bd7 10. Qxb4 Nc6 11. Qa3 Nxg3 12. hxg3 g4 13. Ne5 Nxe5 14. dxe5 Qg5 15. b4 Qxe5 16. cxd5 exd5 17. e3 d4 18. Nd1 Qd6 19. exd4 Qxd4 20. Qe3+ Qxe3+ 21. Nxe3 0-0-0 22. Nd5 Rhe8+ 23. Be2 Bb5 24. Nc3 Bxe2 25. Nxe2 Re6 26. Kf1 Rd2 27. Nf4 Red6 28. Rh4 Rxa2 29. Rxg4 Rdd2 30. f3 Rab2 31. Rg8+ Kb7 32. Rg7 Rd7 33. Rh7 Rxb4 34. Rxh6 a5 35. Rhc6 Rbd4 36. Ne2 Rd1+ 37. Kf2 Rxc1 38. Rxc1 Rd2 39. Ke3 Rd6 40. Rb1 c6 41. g4 Ka6 42. Nc3 b5 43. Ne4 Re6 44. Kd4 Kb6 45. f4 c5+ 46. Kd5 Rc6 47. Nd6 f6 48. Rxb5+ Kc7 49. Rb7+ Kd8 50. Kxc6 a4 51. Rd7# 1-0

[Event "ROM-ch U14 Girls"]
[Site "Mamaia"]
[Date "2021.04.08"]
[Round "2"]
[White "Stan, Oana Bianca"]
[Black "Caraghete, Ana Marina"]
[Result "1-0"]
[WhiteElo "1214"]
[BlackElo "1101"]
[PlyCount "99"]
[EventDate "2021.04.07"]
[EventType "swiss"]
[EventRounds "9"]
[EventCountry "ROU"]
[SourceTitle "EXT 2022"]
[Source "ChessBase"]
[SourceDate "2021.10.06"]
[SourceVersion "1"]
[SourceVersionDate "2021.10.06"]
[SourceQuality "1"]

1. d4 d5 2. Nf3 Nf6 3. e3 Bg4 4. Nbd2 e6 5. Be2 Bd6 6. b3 Nbd7 7. Bb2 Qe7 8. c4 c5 9. Rc1 Rd8 10. Ne5 Bf5 11. cxd5 exd5 12. Nxd7 Rxd7 13. Bb5 a6 14. Bxd7+ Bxd7 15. Nf3 Bg4 16. dxc5 Bxc5 17. Bxf6 gxf6 18. Qxd5 Bb4+ 19. Nd2 0-0 20. Qc4 Bf5 21. Qc7 Qxc7 22. Rxc7 Rd8 23. 0-0 Rxd2 24. Rxb7 Bc3 25. Rc7 Be5 26. Rc5 Rxa2 27. f4 Bd3 28. Rd1 Be2 29. Rd8+ Kg7 30. fxe5 Ra1+ 31. Kf2 Ra2 32. exf6+ Kxf6 33. Ke1 Bh5 34. Rxh5 Rxg2 35. Rd6+ Kg7 36. Rxa6 Rb2 37. Rg5+ Kf8 38. Ra8+ Ke7 39. Rg7 Rxb3 40. Ra7+ Kd6 41. Raxf7 Rxe3+ 42. Kd2 Rh3 43. Rxh7 Ra3 44. Rh6+ Kc5 45. Rf5+ Kb4 46. Rh4+ Kb3 47. Rf3+ Kb2 48. Rxa3 Kxa3 49. Kc2 Ka2 50. Ra4# 1-0

[Event "ROM-ch U14 Girls"]
[Site "Mamaia"]
[Date "2021.04.07"]
[Round "1"]
[White "Caraghete, Ana Marina"]
[Black "Mihalea, Maria Ioana"]
[Result "0-1"]
[WhiteElo "1101"]
[BlackElo "1446"]
[PlyCount "74"]
[EventDate "2021.04.07"]
[EventType "swiss"]
[EventRounds "9"]
[EventCountry "ROU"]
[SourceTitle "EXT 2022"]
[Source "ChessBase"]
[SourceDate "2021.10.06"]
[SourceVersion "1"]
[SourceVersionDate "2021.10.06"]
[SourceQuality "1"]

1. d4 d5 2. c4 c6 3. Nc3 Nf6 4. cxd5 cxd5 5. Bg5 e6 6. Nf3 Be7 7. e3 Nc6 8. Bd3 0-0 9. a3 Bd7 10. Qc2 h6 11. Bh4 a6 12. 0-0-0 b5 13. Bxf6 Bxf6 14. Na2 Rc8 15. Nc3 b4 16. axb4 Nxb4 17. Qb1 Qa5 18. Kd2 Rfe8 19. Rc1 e5 20. Rhe1 e4 21. Bxe4 dxe4 22. Ng1 Nd3 23. Ke2 Nxe1 24. Rxe1 Qh5+ 25. Kd2 Bc6 26. h3 Be7 27. g4 Qa5 28. Kd1 Bb4 29. Nge2 Bxc3 30. Nxc3 Ba4+ 31. Ke2 Bb5+ 32. Kd1 Bd3 33. Qc1 Rc7 34. Kd2 Rec8 35. Rd1 Rxc3 36. bxc3 Qa2+ 37. Ke1 Qe2# 0-1